| 000 | 00868cam a22002774a 4500 | ||
|---|---|---|---|
| 008 | |||
| 020 | _a1903812119 (pbk.) | ||
| 049 | _aMAIN | ||
| 090 |
_aRC86.7 _bADV |
||
| 245 | 1 | 0 |
_aAdvanced life support skills / _ceditorial board Jerry Nolan ... [et al]. |
| 250 | _a5th ed. | ||
| 260 |
_aLondon : _bPearson/Resuscitation Council, _cc2006. |
||
| 300 |
_aiv, 172 p. : _bcol. ill. ; _c30 cm. |
||
| 650 | 0 | _aEmergency medicine. | |
| 650 | 0 | _aEmergency medical technicians. | |
| 650 | 0 | _aLife support systems (Critical care) | |
| 650 | 1 | 2 |
_aEmergency Treatment _xmethods. |
| 650 | 2 | 2 | _aEmergency Medical Technicians. |
| 650 | 2 | 2 |
_aResuscitation _xmethods. |
| 700 | 1 | _aNolan, Jerry. | |
| 907 |
_a.b1036268x _b21-09-16 _c15-09-15 |
||
| 003 | |||
| 005 | 20230120204200.0 | ||
| 040 | _cNUST | ||
| 942 |
_cBOOKS _kRC86.7 _mADV |
||
| 999 |
_c118609 _d118609 |
||